Parlamento y acción legislativa: modelo de análisis. El caso chileno 1990-2010

Uloženo v:
Podrobná bibliografie
Hlavní autoři: Obrador Castro, Rodrigo (autor), Pérez Guiñez, Alfonso (Autor)
Médium: Kniha
Jazyk:španělština
Vydáno: Santiago Andros 2011
Vydání:1a. ed
Témata:
Tagy: Přidat tag
Žádné tagy, Buďte první, kdo vytvoří štítek k tomuto záznamu!

MARC

LEADER 00000cam a2200000 a 4500
001 UCG8861
003 CL-VaPUC
008 120106e20110000CL |||||||||||||||||spa|d
020 |a 9789563456363 
082 0 4 |a 320.1  |b OBR  |2 21 
100 |a Obrador Castro, Rodrigo  |e autor  |9 773269 
700 0 |a Pérez Guiñez, Alfonso  |e author  |9 560119 
245 1 0 |a Parlamento y acción legislativa: modelo de análisis. El caso chileno 1990-2010 
250 |a 1a. ed 
300 |a 205 p 
942 |c BK 
945 |d 20120106 00:00:00  |a dcastane 
260 |a Santiago  |b Andros  |c 2011 
650 0 |a Democracia  |9 255256 
650 0 |a Estado  |9 255503 
650 7 |a PARLAMENTO CHILENO  |2 CL-VaPUC  |9 436191 
650 0 |a Política y gobierno  |9 255151 
650 0 |a Responsabilidad del estado  |9 258115 
583 |a last modification  |c 20120106 11:45:00  |k Rodrigo Vera 
999 |c 346449  |d 346447 
952 |0 0  |1 0  |4 0  |6 320_100000000000000_OBR_2011  |7 0  |8 A  |9 447138  |a BIBDER  |b BIBDER  |d 2019-11-22  |i 4816889  |o 320.1 OBR 2011  |p 4816889  |r 2023-01-25  |w 2019-11-22  |y BK  |k DER